El fin de los medios masivos: el comienzo de un debate

Guardat en:
Dades bibliogràfiques
Autors principals: Carlón, Mario (Autor), Scolari, Carlos A (Autor)
Format: Llibre
Idioma:espanyol
Publicat: Buenos Aires La Crujía 2009
Edició:1a. ed
Matèries:
Etiquetes: Afegir etiqueta
Sense etiquetes, Sigues el primer a etiquetar aquest registre!

MARC

LEADER 00000nam a2200000 a 4500
001 UCG1839
003 CL-VaPUC
008 100520e20090400AG |||||||||||||||||spa|d
020 |a 9789876010870 
082 0 4 |a 302.23  |b CAR  |2 21 
100 0 |a Carlón, Mario  |e author  |9 549908 
700 0 |a Scolari, Carlos A  |e author  |9 549909 
245 1 3 |a El fin de los medios masivos: el comienzo de un debate 
250 |a 1a. ed 
300 |a 267 p 
942 |c BK 
945 |d 20100520 00:00:00  |a dcastane 
260 |a Buenos Aires  |b La Crujía  |c 2009 
650 0 |a Medios de comunicación de masas  |9 257273 
650 0 |a Cambio social   |9 256857 
650 0 |a Análisis del discurso  |9 256696 
650 7 |a SOCIOLOGIA DEL PERIODISMO  |2 CL-VaPUC  |9 462333 
583 |a last modification  |c 20100520 00:00:00  |k Rodrigo Vera 
999 |c 341098  |d 341096 
952 |0 0  |1 0  |4 0  |6 302_230000000000000_CAR_2009  |7 0  |8 A  |9 436374  |a BIBCUR  |b BIBCUR  |d 2019-11-22  |i 4677978  |o 302.23 CAR 2009  |p 4677978  |r 2025-04-22  |w 2019-11-22  |y BK  |k MGC